[Event "2023 Norbert Muller Cup (Division B)"]
[Site "Woodvale, Perth WA AUS"]
[Date "2023.11.29"]
[Round "7"]
[White "Balavignan, Ashvin"]
[Black "Leonhardt, Wolfgang"]
[Result "1/2-1/2"]
[WhiteElo "1683"]
[BlackElo "1760"]
[PlyCount "99"]
[EventDate "2023.10.11"]
[EventType "tourn"]
[EventRounds "7"]
[EventCountry "AUS"]
[TimeControl "3600+30"]

1. d4 Nf6 2. c4 c5 3. e3 e6 4. Nf3 b6 5. Nc3 Be7 6. d5 d6 7. Be2 O-O 8. O-O e5
9. e4 Ne8 10. h3 f5 11. exf5 Bxf5 12. Bd3 Nd7 13. Bxf5 Rxf5 14. Qd3 Rf8 15. Ne4
Ndf6 16. Nfg5 Qd7 17. Ne6 Rf7 18. N4g5 e4 19. Qe2 Nc7 20. Nxf7 Kxf7 21. Ng5+
Kg8 22. Nxe4 Re8 23. Nxf6+ Bxf6 24. Qc2 b5 25. Rb1 b4 26. b3 Re5 27. Bb2 Rg5
28. Bxf6 gxf6 29. Kh2 Qg7 30. Rg1 f5 31. Qd2 Ne8 32. Rbe1 Nf6 33. Qe2 Ne4 34.
f3 Qe5+ 35. g3 Rxg3 36. Qxe4 fxe4 37. Rxg3+ Kf7 38. Rxe4 Qb2+ 39. Rg2 Qc3 40.
f4 a5 41. Re6 Kf8 42. Rxd6 a4 43. Rc6 axb3 44. axb3 Qxb3 45. Rxc5 Qe3 46. Rc8+
Kf7 47. Rc7+ Kf8 48. Rc8+ Kf7 49. Rc7+ Kf8 50. Rc8+ 1/2-1/2

[Event "2023 Norbert Muller Cup (Division B)"]
[Site "Woodvale, Perth WA AUS"]
[Date "2023.11.29"]
[Round "7"]
[White "Oswald, Franz"]
[Black "Gough, Dylan"]
[Result "1/2-1/2"]
[WhiteElo "1678"]
[BlackElo "1823"]
[PlyCount "69"]
[EventDate "2023.10.11"]
[EventType "tourn"]
[EventRounds "7"]
[EventCountry "AUS"]
[TimeControl "3600+30"]

1. d4 Nf6 2. c4 e6 3. Nc3 d5 4. Bg5 Be7 5. e3 b6 6. cxd5 Nxd5 7. Bxe7 Qxe7 8.
Nf3 O-O 9. Rc1 Bb7 10. Bd3 Rc8 11. O-O Nd7 12. Qe2 N7f6 13. a3 Nxc3 14. Rxc3
Ne4 15. Rc2 Ng5 16. Nxg5 Qxg5 17. f3 c5 18. dxc5 Rxc5 19. Rfc1 Rac8 20. e4 Qe5
21. Rxc5 Rxc5 22. Rxc5 Qxc5+ 23. Kf1 Kf8 24. g3 e5 25. Kg2 Ke7 26. Qc2 Qxc2+
27. Bxc2 Kd6 28. Kf2 a5 29. Ke3 Ba6 30. f4 f6 31. h4 Bc4 32. g4 Be6 33. g5 fxg5
34. fxg5 b5 35. b4 1/2-1/2

[Event "2023 Norbert Muller Cup (Division B)"]
[Site "Woodvale, Perth WA AUS"]
[Date "2023.11.29"]
[Round "7"]
[White "Browning, Thomas"]
[Black "Weijermars, Tristan"]
[Result "1-0"]
[WhiteElo "1651"]
[BlackElo "1575"]
[PlyCount "49"]
[EventDate "2023.10.11"]
[EventType "tourn"]
[EventRounds "7"]
[EventCountry "AUS"]
[TimeControl "3600+30"]

1. d4 d5 2. c4 e6 3. Nf3 Nf6 4. Nc3 Nbd7 5. Bg5 c6 6. cxd5 exd5 7. Ne5 Be7 8.
e3 O-O 9. Bd3 Re8 10. h4 Nxe5 11. dxe5 Ng4 12. f4 Nxe3 13. Qf3 Nf5 14. O-O-O f6
15. exf6 Bxf6 16. g4 Ne3 17. Rde1 Bxg4 18. Qg3 d4 19. Ne4 Bxg5 20. hxg5 Bf5 21.
Nf6+ Kf7 22. Bxf5 Nxf5 23. Qb3+ Kg6 24. Nxe8 Qd5 25. Qxd5 1-0

[Event "2023 Norbert Muller Cup (Division C)"]
[Site "Woodvale, Perth WA AUS"]
[Date "2023.11.29"]
[Round "7"]
[White "Massam, Justin"]
[Black "Hintz, Steven"]
[Result "1-0"]
[WhiteElo "1542"]
[BlackElo "1553"]
[PlyCount "111"]
[EventDate "2023.10.11"]
[EventType "tourn"]
[EventRounds "7"]
[EventCountry "AUS"]
[TimeControl "3600+30"]

1. d4 e6 2. Nf3 f5 3. Bf4 Nf6 4. e3 d5 5. Nbd2 c6 6. c3 Be7 7. Bd3 O-O 8. O-O
Nbd7 9. Re1 Ne4 10. a3 Ndf6 11. Ne5 Bd7 12. c4 Be8 13. b4 a6 14. Rc1 Nd6 15.
Nb3 Nf7 16. Nc5 Bxc5 17. bxc5 Nxe5 18. Bxe5 Rc8 19. Qb3 Rf7 20. Rb1 Ng4 21. Bg3
h5 22. h4 g6 23. Qc2 Qf6 24. Rb6 Rd8 25. Qb1 Rdd7 26. f3 Nh6 27. Re2 Qd8 28.
Reb2 Qc8 29. Bf4 Kh7 30. a4 Ng8 31. a5 Nf6 32. Be5 Kg8 33. Bxf6 Rxf6 34. Rxb7
Qd8 35. cxd5 exd5 36. Bxa6 Qe7 37. Kf2 Re6 38. Qc1 Qxh4+ 39. Kg1 Qg5 40. f4 Qg3
41. R2b3 h4 42. Kf1 Qh2 43. Qd2 h3 44. Rb2 Qh1+ 45. Kf2 Qxg2+ 46. Ke1 Qg1+ 47.
Ke2 h2 48. Rb1 h1=Q 49. Rxg1 Qxg1 50. Rxd7 Qg2+ 51. Kd1 Qxd2+ 52. Kxd2 Bxd7 53.
Bb7 Bc8 54. Bxc8 Re7 55. a6 Kf7 56. Bb7 1-0

[Event "2023 Norbert Muller Cup (Division C)"]
[Site "Woodvale, Perth WA AUS"]
[Date "2023.11.29"]
[Round "7"]
[White "Akers, Gerard"]
[Black "Sethuraman, Jaswanth Ram"]
[Result "1-0"]
[WhiteElo "1562"]
[BlackElo "1298"]
[PlyCount "71"]
[EventDate "2023.10.11"]
[EventType "tourn"]
[EventRounds "7"]
[EventCountry "AUS"]
[TimeControl "3600+30"]

1. e4 e5 2. Nf3 Nc6 3. Bb5 a6 4. Bxc6 dxc6 5. h3 Bd6 6. O-O Nf6 7. Re1 O-O 8.
d4 Re8 9. dxe5 Bxe5 10. Qxd8 Rxd8 11. Nxe5 Re8 12. Nf3 Rxe4 13. Rxe4 Nxe4 14.
Nbd2 Nxd2 15. Bxd2 Bf5 16. c3 Rd8 17. Re1 h6 18. Re7 Bb1 19. Rxc7 Be4 20. Be3
Rd1+ 21. Kh2 b5 22. Ne5 Bd5 23. Nxc6 Bxa2 24. Bd4 Rd2 25. b4 Bc4 26. Ne7+ Kh7
27. Nf5 Bf1 28. Rxf7 Kg6 29. Nd6 Kg5 30. Be3+ Kg6 31. Bxd2 Bd3 32. Be3 Bc2 33.
Bd4 Bb3 34. Rxg7+ Kh5 35. g4+ Kh4 36. Bf6# 1-0

[Event "2023 Norbert Muller Cup (Division C)"]
[Site "Woodvale, Perth WA AUS"]
[Date "2023.11.29"]
[Round "7"]
[White "Brooke, John"]
[Black "Boswarva, Ernest"]
[Result "1-0"]
[WhiteElo "1462"]
[BlackElo "1537"]
[PlyCount "99"]
[EventDate "2023.10.11"]
[EventType "tourn"]
[EventRounds "7"]
[EventCountry "AUS"]
[TimeControl "3600+30"]

1. e4 d6 2. Nc3 Nf6 3. Bc4 e5 4. h3 Nbd7 5. Nf3 h6 6. a3 c6 7. d3 b5 8. Ba2 Be7
9. Bd2 Qc7 10. b4 g5 11. Nh2 Nf8 12. Qf3 Ng6 13. Ng4 Nf4 14. g3 N4h5 15. O-O-O
a5 16. Nxf6+ Nxf6 17. Rdf1 axb4 18. axb4 Be6 19. Bxe6 fxe6 20. Be3 Rf8 21. Qe2
d5 22. Bc5 d4 23. Nb1 Bxc5 24. bxc5 Qa7 25. Qd2 Qxc5 26. Kd1 Ra2 27. f3 b4 28.
Rh2 b3 29. Qc1 b2 30. Qd2 Ke7 31. Ke2 Rfa8 32. Rd1 Nh5 33. Kf2 Qb6 34. g4 Nf4
35. Kg3 c5 36. h4 Ra1 37. hxg5 hxg5 38. Rh7+ Kd6 39. Rg7 Qa6 40. Rxg5 Rh8 41.
Rxe5 Ne2+ 42. Qxe2 Kxe5 43. f4+ Kd6 44. e5+ Ke7 45. g5 Qa2 46. Qe1 Qa4 47. Qe2
Qa2 48. Qe1 Qa8 49. Qe4 Qxe4 50. dxe4 {Time expired} 1-0

[Event "2023 Norbert Muller Cup (Division C)"]
[Site "Woodvale, Perth WA AUS"]
[Date "2023.11.29"]
[Round "7"]
[White "Curtis, Calan"]
[Black "Walker, Colin"]
[Result "1-0"]
[WhiteElo "1431"]
[BlackElo "1461"]
[PlyCount "79"]
[EventDate "2023.10.11"]
[EventType "tourn"]
[EventRounds "7"]
[EventCountry "AUS"]
[TimeControl "3600+30"]

1. d4 d5 2. Nc3 e6 3. Bf4 Bd6 4. e3 Bxf4 5. exf4 a6 6. Nf3 Nc6 7. Ne5 Nf6 8. h3
Nxe5 9. fxe5 Nd7 10. Nb1 Nb6 11. Nd2 f6 12. f4 Qe7 13. c3 g6 14. Bd3 Bd7 15.
Qc2 f5 16. Nf3 O-O-O 17. O-O-O Qe8 18. Kb1 Na8 19. Nd2 c6 20. c4 Kb8 21. c5 Nc7
22. Nb3 Nb5 23. a4 Nxd4 24. Nxd4 Ka7 25. Qb3 Rb8 26. Qb6+ Ka8 27. Bxa6 Qd8 28.
Qxd8 Rbxd8 29. Bd3 Kb8 30. a5 Kc7 31. Kc2 Ra8 32. Ra1 Rhb8 33. g4 Ra7 34. gxf5
exf5 35. h4 Rg8 36. Rhg1 Raa8 37. e6 Be8 38. Nxf5 Rf8 39. Nd6 Rxf4 40. Rgf1 1-0

[Event "2023 Norbert Muller Cup (Division D)"]
[Site "Woodvale, Perth WA AUS"]
[Date "2023.11.29"]
[Round "7"]
[White "Lanham, Bruce"]
[Black "Knight, Charles"]
[Result "1/2-1/2"]
[WhiteElo "1215"]
[BlackElo "1440"]
[PlyCount "160"]
[EventDate "2023.10.11"]
[EventType "swiss"]
[EventRounds "7"]
[EventCountry "AUS"]
[TimeControl "3600+30"]

1. Nf3 g6 2. g3 Bg7 3. Bg2 d6 4. d4 Nf6 5. O-O O-O 6. Nbd2 Nc6 7. c3 e5 8. dxe5
dxe5 9. Nc4 Qe7 10. Bg5 Rd8 11. Qc2 Bf5 12. Qb3 Rab8 13. Ne3 Be6 14. Qc2 Rd6
15. b3 h6 16. Bxf6 Bxf6 17. Rad1 Rbd8 18. Rxd6 Rxd6 19. Rd1 Rxd1+ 20. Qxd1 Qc5
21. Qc2 a5 22. Nd2 Bg7 23. Kf1 Qb6 24. Nd1 Ne7 25. Nb2 c6 26. e3 Bd5 27. Nbc4
Bxg2+ 28. Kxg2 Qc5 29. Qb2 f5 30. Qa3 Qxa3 31. Nxa3 b5 32. Nc2 c5 33. c4 b4 34.
e4 Kf7 35. f4 Nc6 36. fxe5 Nxe5 37. exf5 gxf5 38. Ne1 Ke6 39. h3 h5 40. Kf2 Nc6
41. Nd3 Kd6 42. Nf3 Nd4 43. Ke3 Bh6+ 44. Kf2 Nc2 45. Nb2 Bg7 46. Na4 Nd4 47.
Ne1 Ne6 48. Nd3 Ke7 49. Kf3 Bd4 50. Nf4 Ng5+ 51. Kg2 Ne4 52. Nxh5 Nc3 53. Nf4
Nxa2 54. Nd3 Kd6 55. Kf3 Nc3 56. Nab2 Ne4 57. g4 Nd2+ 58. Kf4 fxg4 59. hxg4
Nxb3 60. g5 Ke6 61. Na4 Nd2 62. g6 Nxc4 63. Ndxc5+ Kf6 64. Nb3 Be5+ 65. Ke4 Bc7
66. Kd4 Nb6 67. Nxb6 Bxb6+ 68. Kc4 Kxg6 69. Kb5 Bd8 70. Ka4 Kf5 71. Kb5 Ke4 72.
Ka4 Kd3 73. Kb5 Kc3 74. Ka4 Kb2 75. Nc5 Bb6 76. Nb3 Kc3 77. Nc1 Be3 78. Nb3 Bb6
79. Nc1 Kc2 80. Nb3 Kb2 1/2-1/2

[Event "2023 Norbert Muller Cup (Division D)"]
[Site "Woodvale, Perth WA AUS"]
[Date "2023.11.29"]
[Round "7"]
[White "Gough, Sebastian"]
[Black "Nel, Kevin"]
[Result "1-0"]
[WhiteElo "1058"]
[BlackElo "1147"]
[PlyCount "87"]
[EventDate "2023.10.11"]
[EventType "swiss"]
[EventRounds "7"]
[EventCountry "AUS"]
[TimeControl "3600+30"]

1. d4 Nf6 2. Bg5 d5 3. Bxf6 exf6 4. e3 c6 5. Bd3 Bd6 6. Nd2 Be6 7. f4 f5 8.
Ngf3 Nd7 9. Ne5 O-O 10. O-O Nf6 11. Rf3 Bxe5 12. fxe5 Ng4 13. Rg3 Qh4 14. Rh3
Qf2+ 15. Kh1 Nxe3 16. Qe2 Ng4 17. Qxf2 Nxf2+ 18. Kg1 Nxh3+ 19. gxh3 f4 20. Rf1
g5 21. h4 h6 22. hxg5 hxg5 23. Nf3 f6 24. exf6 Rxf6 25. Nxg5 Bg4 26. Nh7 Rf7
27. Kf2 Re8 28. Rg1 Rg7 29. Nf6+ Kf7 30. Nxe8 Kxe8 31. h3 b5 32. Rxg4 Rxg4 33.
hxg4 a5 34. Kf3 Kf7 35. Kxf4 b4 36. Ke5 a4 37. Kd6 Kf6 38. Kxc6 Kg5 39. Kxd5
Kxg4 40. Kc6 Kf4 41. b3 a3 42. d5 Ke5 43. d6 Kf6 44. Kc7 1-0

[Event "2023 Norbert Muller Cup (Division D)"]
[Site "Woodvale, Perth WA AUS"]
[Date "2023.11.29"]
[Round "7"]
[White "Overste, Brian"]
[Black "Powell, Darren"]
[Result "0-1"]
[WhiteElo "998"]
[BlackElo "1336"]
[PlyCount "98"]
[EventDate "2023.10.11"]
[EventType "swiss"]
[EventRounds "7"]
[EventCountry "AUS"]
[TimeControl "3600+30"]

1. e4 e5 2. Nf3 Nc6 3. Bc4 d6 4. h3 Nf6 5. Ng5 d5 6. exd5 Nxd5 7. Qf3 Qxg5 8.
Bxd5 Qg6 9. Nc3 Nd4 10. Qe4 Nxc2+ 11. Kf1 Qxe4 12. Nxe4 Nxa1 13. Ng5 f6 14. Ne4
Nc2 15. Kg1 Nd4 16. Ng3 c6 17. Be4 f5 18. Bd3 g6 19. Kh2 Bd6 20. Re1 c5 21. Bc4
b5 22. Bd5 Rb8 23. d3 h6 24. Kg1 Kd7 25. f4 exf4 26. Ne2 Re8 27. Kf2 Nxe2 28.
Rxe2 Rxe2+ 29. Kxe2 Bb7 30. Bf7 Bxg2 31. Bxg6 Bxh3 32. Kf3 Bg4+ 33. Kf2 Ke7 34.
b3 Kf6 35. Bh7 Kg7 36. Bxf5 Bxf5 37. Bb2+ Kg6 38. d4 Re8 39. dxc5 Bxc5+ 40. Kf3
Kg5 41. Bc1 Bd6 42. a3 h5 43. a4 bxa4 44. bxa4 h4 45. Kg2 h3+ 46. Kh2 Re2+ 47.
Kh1 Re1+ 48. Kh2 Rxc1 49. a5 f3# 0-1

[Event "2023 Norbert Muller Cup (Division D)"]
[Site "Woodvale, Perth WA AUS"]
[Date "2023.11.29"]
[Round "7"]
[White "Owen, Geoffrey"]
[Black "Jahn, Harold"]
[Result "0-1"]
[WhiteElo "1120"]
[BlackElo "997"]
[PlyCount "70"]
[EventDate "2023.10.11"]
[EventType "swiss"]
[EventRounds "7"]
[EventCountry "AUS"]
[TimeControl "3600+30"]

1. e4 e5 2. Nf3 Bc5 3. Bc4 d6 4. O-O Bg4 5. Nc3 Qf6 6. Nd5 Qd8 7. c3 Nd7 8. b4
Bb6 9. a4 c6 10. a5 Bc7 11. Nxc7+ Qxc7 12. Qb3 Nh6 13. Ng5 O-O-O 14. Bxf7 Nf6
15. Ne6 Qxf7 16. a6 b6 17. b5 Bxe6 18. Qa4 c5 19. d3 Bb3 20. Qa3 Nhg4 21. c4
Bc2 22. Ra2 Bxd3 23. Qxd3 h5 24. f4 exf4 25. Bxf4 Rhe8 26. Bg5 Qg6 27. Bxf6
Nxf6 28. Rxf6 Qxf6 29. Qd5 Qd4+ 30. Qxd4 cxd4 31. Rf2 Rxe4 32. Rf7 Kb8 33. Rb7+
Ka8 34. Rxg7 Rf8 35. Rd7 Re1# 0-1